| 000 | 00573nam a2200217 a 4500 | ||
|---|---|---|---|
| 005 | 20250918102146.0 | ||
| 008 | 010925s2000 r 000 0 eng d | ||
| 020 | _a8495114119 | ||
| 035 | _aUPN01000112009 | ||
| 049 | _aCG | ||
| 050 | 4 |
_aRA781.15 _bD5.2 |
|
| 100 | 1 | _aDiéquez Papí, Julio | |
| 245 | 1 | 0 |
_aAeróbic / _cJulio Diéquez Papí |
| 260 |
_aBarcelona, Esp. : _bINDE,. _c2000 |
||
| 300 |
_a104 p. : _bil. |
||
| 440 | 0 | _aBiblioteca temática del deporte | |
| 650 | 2 |
_aEjercicios aeróbicos _919563 |
|
| 901 | _a185267 | ||
| 902 | _aMMA/gsm | ||
| 905 | _aLibro | ||
| 999 |
_c85917 _d85917 |
||